000 01415cam a2200385 a 4500
001 5534
003 FISKH
005 20241218112639.0
008 050512t20062005nyu c 000 1 eng
010 _a 2005049038
020 _a043979661X
020 _a9780439796613
040 _aDLC
_cDLC
_dDLC
_beng
050 _aPZ7.M82712
082 _a823.914
100 1 _aMorpurgo, Michael.
245 1 4 _aThe amazing story of Adolphus Tips /
_cMichael Morpurgo ; Illustrated by Michael Foreman
260 _aLondon :
_bHarper Collins,
_c2005.
300 _a189 pages :
_b20 cm
505 _aR
520 _aWhen Boowie reads the diary that his grandmother sends him, he learns of her childhood in World War II England when American and British soldiers practiced for D-Day's invasion in the area of her home, and about her beloved cat, Adolphus Tip, and the cat's namesake.
521 8 _a780
_bLexile
521 8 _aR
_bRaz-Plus
650 0 _aWorld War, 1939-1945
_zEngland
_vJuvenile fiction.
650 1 _aWorld War, 1939-1945
_vFiction.
650 1 _aCats
_vFiction.
650 1 _aGrandmothers
_vFiction.
650 1 _aFriendship
_vFiction.
650 1 _aDiaries
_vFiction.
651 1 _aGreat Britain
_xHistory
_yGeorge VI, 1936-1952
_xFiction.
700 _aForeman, Michael
_eIllustrator
906 _a7
_bcbc
_corignew
_d1
_eocip
_f20
_gy-gencatlg
942 _2ddc
_cBK
_n0
999 _c5534
_d5534